| 000 | 00604nam a2200205Ii 4500 | ||
|---|---|---|---|
| 003 | JO-AjNU | ||
| 008 | 230606s9999||||xx |||||||||||||| ||und|| | ||
| 017 | _a924/6/1999 | ||
| 040 |
_aJO-AjNU _beng _erda _cJO-AjNU |
||
| 041 | _aeng | ||
| 050 | 1 | 4 | _aPJ7858.U76.A9313 1999 |
| 100 | 3 |
_aTranslated by Fuad al-Qoussouss, _eauthor _93667 |
|
| 245 | 0 | 4 | _aThe Return From The North |
| 264 | 3 | 1 | _aAmman:Ministry Of Culture,1999 |
| 300 | _a195P | ||
| 336 |
_atext _btxt _2rdacontent |
||
| 337 |
_aunmediated _bn _2rdamedia |
||
| 338 |
_avolume _bnc _2rdacarrier |
||
| 650 | 4 |
_aLiterature - English - Novel _93668 |
|
| 999 |
_aE1912 _c1912 _d1912 |
||